|
|
|
|
| LEADER |
00000cam a22000004a 4500 |
| 001 |
musev2_74231 |
| 003 |
MdBmJHUP |
| 005 |
20230905051706.0 |
| 006 |
m o d |
| 007 |
cr||||||||nn|n |
| 008 |
100809s1998 mx o 00 0 spa d |
| 020 |
|
|
|a 9786075640631
|
| 020 |
|
|
|z 9789681208615
|
| 035 |
|
|
|a (OCoLC)1151078974
|
| 040 |
|
|
|a MdBmJHUP
|c MdBmJHUP
|
| 245 |
0 |
3 |
|a El libro del viaje nocturno y la ascención del profeta :
|b Kitab al-isra' wa-l-mi'raj li-l-Imam Ibn 'Abbas /
|c estudio introductorio y traducción de Fernando Cisneros.
|
| 250 |
|
|
|a 1. ed.
|
| 264 |
|
1 |
|a Mexico, D.F. :
|b Colegio de Mexico, Centro de Estudios de Asia y Africa,
|c 1998.
|
| 264 |
|
3 |
|a Baltimore, Md. :
|b Project MUSE,
|c 2020
|
| 264 |
|
4 |
|c ©1998.
|
| 300 |
|
|
|a 1 online resource:
|b illustrations
|
| 336 |
|
|
|a text
|b txt
|2 rdacontent
|
| 337 |
|
|
|a computer
|b c
|2 rdamedia
|
| 338 |
|
|
|a online resource
|b cr
|2 rdacarrier
|
| 506 |
0 |
|
|a Open Access
|f Unrestricted online access
|2 star
|
| 588 |
|
|
|a Description based on print version record.
|
| 600 |
0 |
7 |
|a Muḥammad,
|c Prophet,
|d -632.
|2 fast
|0 (OCoLC)fst01836298
|
| 600 |
0 |
6 |
|a Mahomet,
|c le prophete,
|d -632
|x Isrā' et Miʻrāj.
|
| 600 |
0 |
1 |
|a Muḥammad,
|c Prophet,
|d -632
|x Isrāʼ and Miʻrāj.
|
| 600 |
0 |
0 |
|a Muḥammad,
|c Prophet,
|d -632
|x Isrāʼ and Miʻrāj.
|
| 650 |
|
7 |
|a RELIGION
|x Islam
|x General.
|2 bisacsh
|
| 655 |
|
7 |
|a Electronic books.
|2 local
|
| 700 |
1 |
|
|a Cisneros, Fernando.
|
| 710 |
2 |
|
|a Project Muse.
|e distributor
|
| 830 |
|
0 |
|a Book collections on Project MUSE.
|
| 856 |
4 |
0 |
|z Texto completo
|u https://projectmuse.uam.elogim.com/book/74231/
|